000 00521nam a2200181Ia 4500
003 GCL
008 140319s9999 xx 000 0 eng d
040 _aGCL /
_cGCL
082 0 4 _a728.370952
_bB S
100 1 _aBROWN, AZBY
245 1 0 _aSMALL SPACES ENGLISH IDEAS FOR MAKING MORE OR LESS IN THE NOME /
_cBROWN, AZBY
260 _a[S.N] :
_bKODANSHA INTERNATIONAL ،
_c1993
300 _a96 P
650 0 4 _aINTERIOR DECORATION
650 0 4 _aART, JAPAN
650 0 4 _aPERSONAL SPACE - PSYCHOLOGICAL
942 _2ddc
_cBK
999 _c19275
_d19275